El transporte marítimo y sus sistemas de responsabilidad

Guardado en:
Detalles Bibliográficos
Autor principal: Fariña Guitián, Francisco (Autor)
Formato: Libro
Lenguaje:español
Publicado: Madrid Consejo Superior de Investigaciones Científicas 1959
Madrid Ministerio de Marina 1959
Colección:Estudios de Derecho Internacional Marítimo. Serie B, Monografías, 2
Materias:
Etiquetas: Agregar Etiqueta
Sin Etiquetas, Sea el primero en etiquetar este registro!

MARC

LEADER 00000nam a2200000 a 4500
001 UCS1657
003 CL-VaPUC
008 970515e19590000sp |||||||||||||||||spa|d
082 0 4 |a 343.096  |b FAR  |2 21 
100 0 |a Fariña Guitián, Francisco  |e author  |9 386318 
245 1 3 |a El transporte marítimo y sus sistemas de responsabilidad 
300 |a 398 p 
942 |c BK 
945 |d 19970515 00:00:00  |a cmena 
260 |a Madrid  |b Consejo Superior de Investigaciones Científicas  |c 1959 
260 |a Madrid  |b Ministerio de Marina  |c 1959 
650 0 |a Derecho marítimo  |9 255301 
650 7 |a NAVES  |2 CL-VaPUC  |9 380983 
650 0 |a Transporte marítimo  |9 260127 
650 0 |a Contratos  |9 255153 
650 0 |a Obligaciones   |9 255578 
650 0 |a Derecho internacional  |9 255637 
650 7 |a SEGUROS  |2 CL-VaPUC  |9 386319 
650 0 |a Marina mercante   |9 255383 
650 7 |a RESPONSABILIDAD CIVIL  |2 CL-VaPUC  |9 386320 
651 0 |a España  |9 254926 
583 |a last modification  |c 20171005 04:24:10  |k Rodrigo Vera 
490 0 |a Estudios de Derecho Internacional Marítimo. Serie B, Monografías, 2 
999 |c 259692  |d 259690 
952 |0 0  |1 0  |4 0  |6 343_096000000000000_FAR_1959_1959  |7 0  |8 A  |9 284926  |a BIBDER  |b BIBDER  |d 2019-11-19  |i 1854399  |o 343.096 FAR 1959 1959  |p 1854399  |r 2023-01-25  |w 2019-11-19  |y BK  |k DER